000 00871nam a2200277 u 4500
001 94176
005 20260506081810.0
008 960524s1991 spa
020 _a9686037667
035 _a94176
035 _a(OCoLC)47298266
040 _ccomduadb
041 _aspa
082 4 _a657
100 1 0 _aCocina Martinez, Javier
_4aut
_eaut
_9503712
245 1 0 _aProblemas de la informacion y de contabilidad de sociedades anonimas
260 _aMedellín :
_bInstituto Méxicano de Contadores Públicos,
_c1991.
300 _av.
500 _aCompra:Inst. Mex.de Contadores Pub.,nov./95.
505 8 0 _tProblemas de la informacion anual,normas juridicas y normas contables
650 _aInformes anuales
_917076
650 _aNormas contables
_941046
650 _aLegislacion contable
_932389
650 _aMéxico
_942871
942 _cBOOK
999 _c93699
_d93699